000 00472nam a2200181Ia 4500
001 2269
005 20260306143830.0
008 260306t2011||||xx |||||||||||||| ||spa||
041 _aESP
082 _a616.8527
_bG59
100 _aGoldberg, David
_eAUT
245 0 _aTemas de investigación DSM-V:
_bdepresión y trastorno de ansiedad generalizada
260 _c2011
300 _a337 páginas :
_c24 cm.
650 _aGEN
654 _aCPS
942 _cLIB
_dJUS
_fJUS
_2ddc
_n
999 _c2269
_d2269